Clubes Campeões Mundiais - Statistics

Estatísticas Gerais
  • Esse quiz foi jogado 334 vezes
    165 desde o último reset
  • A pontuação média é 27 de 32
Estatísticas das Respostas
País Títulos Clube % Correto
Espanha 8 (1960, 1998, 2002, 2014, 2016, 2017, 2018 e 2022) Real Madrid
100%
Itália 4 (1969, 1989, 1990 e 2007) Milan
99%
Espanha 3 (2009, 2011 e 2015) Barcelona
98%
Argentina 3 (1977, 2000 e 2003) Boca Juniors
95%
Brasil 3 (1992, 1993 e 2005) São Paulo
95%
Brasil 2 (2000 e 2012) Corinthians
94%
Brasil 1 (1981) Flamengo
91%
Itália 2 (1985 e 1996) Juventus
91%
Inglaterra 2 (1999 e 2008) Manchester United
91%
Portugal 2 (1987 e 2004) Porto
91%
Argentina 1 (1986) River Plate
91%
Brasil 2 (1962 e 1963) Santos
91%
Inglaterra 1 (2019) Liverpool
89%
Inglaterra 1 (2023) Manchester City
89%
Brasil 1 (2006) Internacional
88%
Holanda 2 (1972 e 1995) Ajax
87%
Itália 3 (1964, 1965 e 2010) Internazionale
87%
Uruguai 3 (1961, 1966 e 1982) Peñarol
87%
Inglaterra 1 (2021) Chelsea
84%
Brasil 1 (1983) Grêmio
84%
Uruguai 3 (1971, 1980 e 1988) Nacional
84%
Brasil 1 (1951) Palmeiras
84%
Alemanha 4 (1976, 2001, 2013 e 2020) Bayern de Munique
81%
Alemanha 1 (1997) Borussia Dortmund
78%
Argentina 2 (1973 e 1984) Independiente
76%
Espanha 1 (1974) Atlético de Madrid
74%
Argentina 1 (1967) Racing
74%
Paraguai 1 (1979) Olimpia
73%
Argentina 1 (1968) Estudiantes
69%
Sérvia 1 (1991) Estrela Vermelha
66%
Holanda 1 (1970) Feyenoord
64%
Argentina 1 (1994) Velez Sársfield
52%
Nenhum quiz correspondente encontrado
Distribuição das Pontuações
Porcentagem de Pessoas com Cada Pontuação
Percentil de Números Respondidos
Sua Pontuação Histórica
Você não jogou esse quiz desde o último reset